| 000 | 01382nas a2200373 c 4500 | ||
|---|---|---|---|
| 001 | 25404 | ||
| 003 | ES-MaCES | ||
| 005 | 20250312123544.0 | ||
| 007 | cr ||||||||||| | ||
| 008 | 940719c1900 xxu | | |eng d | ||
| 022 | 1 | _a0002-8282 | |
| 035 |
_aCES19980003856p _z10394 |
||
| 040 |
_aES-MaCES _bspa _cES-MaCES |
||
| 245 | 0 | 4 | _aThe American economic review |
| 260 |
_aNashville (Broadway, 2014, Suite 305, TN 37293) _bAmerican Economic Association |
||
| 300 |
_av. _c26 cm |
||
| 310 | _aMensual | ||
| 321 |
_a5 números al año _b-2010 |
||
| 321 |
_a7 números al año _b2011-2013 |
||
| 500 | _aDescripción basada en: v. 84, no. 1 (Mar. 1994) | ||
| 500 | _aTít. tomado de la cub | ||
| 541 | _cCompra | ||
| 650 | 4 |
_aeconomía _926781 |
|
| 653 | 1 | 0 | _aEconomía |
| 710 | 2 |
_aAmerican Economic Association _eed. _91305 |
|
| 853 | 2 | 1 |
_avol. _bno. _iaño _jmes _vr _wm _ypm02,04,05,06,08,10,12 |
| 856 | 4 |
_uhttps://www.aeaweb.org/journals/aer/issues _ytexto completo desde Vol. 89, No. 1 (1999) _zAcceso para usuarios registrados |
|
| 856 | 4 |
_uhttp://www.ces.es/claves-usuario _yClaves de acceso |
|
| 866 | 0 |
_a1994-1996(1997)1998-2011(2012)2013-2021(2022)2023- _zUbicación: DEPÓSITO - 10394 _zUbicación: SALA - REV.-0.0.-6 |
|
| 905 |
_1Boletín A _fP _kSÍ _nAmeEcoR _pA |
||
| 942 |
_2CES _cCR _h0.0. |
||
| 999 |
_c25404 _d25404 |
||